| 000 | 01629nam a22002417a 4500 | ||
|---|---|---|---|
| 001 | 216222582 | ||
| 003 | UA-OsUOA | ||
| 005 | 20220711132259.0 | ||
| 008 | 220711b -uka|||g |||| 00| 0 eng d | ||
| 040 |
_aUA-OsUOA _bukr _cUA-OsUOA _dUA-OsUOA |
||
| 041 | _aeng | ||
| 080 | _a82 | ||
| 090 |
_a82 _bS66 |
||
| 245 |
_aSketches 1988 _bDodds-Germany Creative Anthology _cDirector Dr.J.H. Blackstead; project coordinator Robert N.Bureker |
||
| 260 |
_bWalsworth Publishing Company _c1988 |
||
| 300 | _a192 p. | ||
| 520 | _aSKETCHES, 1988, the fourth in a series of creative anthologies published by DoDDS-Germany, is in your hands to read, look at, and enjoy. Work in this anthology was written, painted, drawn, engraved, etched, photographed, and prepared in a variety of mediums by and for students, grades 7 - 12, and staff members in the DoDDS-G schools. This book recognizes those who contributed to the publication; we celebrate the excellence of their work. It seems that each year the work done at the school level improves; material submitted for consideration is more carefully screened, directions are more carefully followed, and the overall quality continues to get better. It is clear that good things are happening in the worlds of composition, art, and photography in our schools. We hope that all who use this book will be as happily impressed with the excellence of the work as were the editors. | ||
| 650 |
_a82 Література. Літературознавство _2UDC |
||
| 700 | 1 | _aBureker R.N. | |
| 942 |
_cBK _2udc |
||
| 955 | _a2 | ||
| 999 |
_c279638 _d279638 |
||